000 00677nam a2200265Ia 4500
001 AUWbook001791
003 BDCtgAUW
005 20260406155106.0
008 220908s9999 xx 000 0 eng d
020 _a0060168927
040 _aBDCtgAUW
_cBDCtgAUW
100 1 _aWall, Steve.
245 0 _aWisdom's daughters :
_bconversations with women elders of native america /
260 _aNew York :
_bHarperCollins,
_c1993.
300 _axiii, 302 pages.
650 0 _aHistory of America.
650 0 _aIndian women.
650 0 _aNorth America.
650 0 _aReligion.
887 _a BRAC
_22982
888 _22982
942 _cBK
945 _cBK
999 _c17549
_d17549